Sudden Death - Nachbarländer Italiens - Statistiken

Allgemein
  • Dieses Quiz wurde 244 mal gespielt
  • Das Durchschnittsergebnis liegt bei 5 aus 6
Answers on the Grid
Answers color-coded by a green-red scale on the quiz's grid according to % correct below.
Vatikanstadt🇻🇦
San Marino🇸🇲
Slowenien🇸🇮
Österreich🇦🇹
Schweiz🇨🇭
Frankreich🇫🇷
Monaco🇲🇨
Liechtenstein🇱🇮
Kroatien🇭🇷
Deutschland🇩🇪
Spanien🇪🇸
Portugal🇵🇹
Tschechien🇨🇿
Slowakei🇸🇰
Ungarn🇭🇺
Rumänien🇷🇴
Bulgarien🇧🇬
Bosnien-Herzegowina🇧🇦
Malta🇲🇹
Zypern🇨🇾
Griechenland🇬🇷
Albanien🇦🇱
Montenegro🇲🇪
Serbien🇷🇸
Belgien🇧🇪
Niederlande🇳🇱
Luxemburg🇱🇺
Andorra🇦🇩
Kosovo🇽🇰
Litauen🇱🇹
Russland🇷🇺
Türkei🇹🇷
 
Antwortstatistiken
Antwort % Korrekt
Schweiz🇨🇭
87%
Österreich🇦🇹
86%
San Marino🇸🇲
75%
Vatikanstadt🇻🇦
74%
Frankreich🇫🇷
71%
Slowenien🇸🇮
63%
Keine übereinstimmenden Quizze gefunden
Verteilung der Resultate
Anzahl Personen mit jedem Resultat
Perzentil nach korrekt beantworteten Fragen
Ihre Resultats-Entwicklung
Sie haben dieses Quiz noch nicht gespielt